Les lettres de l'alphabet grec - Statistiques

Statistiques générales
  • Ce quiz a été pris 222 fois
  • Le résultat moyen est 17 sur 24
Statistiques - réponses
Réponse % Correct
Alpha
99%
Beta
99%
Gamma
89%
Delta
88%
Omega
87%
Epsilon
83%
Phi
78%
Rho
73%
Eta
72%
Dzeta
70%
Lambda
68%
Mu
68%
Nu
68%
Pi
67%
Sigma
63%
Iota
62%
Xi
62%
Psi
60%
Omicron
58%
Theta
58%
Kappa
57%
Upsilon
55%
Tau
54%
Khi
52%
Aucun quiz correspondant
Distribution des résultats
% des personnes avec chaque résultat
Percentile par nombre de réponses
Votre historique - résultats
Vous n’avez pas pris ce quiz